Direito Tributario. Curso rp̀ido e didt̀ico para estudos e revise̳s

Detalles Bibliográficos
Autor principal: Martins, Alan
Otros Autores: Yamada Scardoelli, Dimas
Formato: Libro
Lenguaje:portugués
Publicado: Brasil JH Mizuno 2012
Materias:
Acceso en línea:Acceso restringido

MARC

LEADER 00000nam a22000007a 4500
005 20160302121637.0
007 cr|||| ||u|
008 160302s2012 bl ||||| |||| 00||0 por d
020 |a 978-85-7789-147-4 
035 |a 14004 
040 |a vLex 
090 |c 5950  |d 5950 
100 1 |a Martins, Alan 
245 1 0 |a Direito Tributario. Curso rp̀ido e didt̀ico para estudos e revise̳s  |h [Recurso electrn̤ico] /  |c Alan Martins 
256 |a Servicio en ln̕ea  
260 |a Brasil   |b JH Mizuno  |c 2012 
300 |a 1 recurso electrn̤ico  
506 1 |a Contenido solo disponible en los productos indicados  |d vLex Global  |d vLex Global (Academic Edition, excluding Law Schools)  |d vLex Global (U.S. Academic Edition, Law Schools)  |d vLex Global (U.S. Academic Edition, excluding Law Schools)  |d vLex Global (Academic Edition, Law Schools) 
650 0 4 |a Derecho  |z Brasil  
700 0 |a Yamada Scardoelli, Dimas 
740 0 |a vLex libros (servicio en ln̕ea)  
856 4 0 |u http://vlex.com/source/dereito-tributario-14004  |z Acceso restringido  
942 |c BOOK 
999 0 |a Derecho